Normal view
MARC view
- الشعر - تاريخ ونقد - الشعر الفرنسي - الشعر العربي
Entry Topical Term
001 - CONTROL NUMBER
- control field: 23691
003 - CONTROL NUMBER IDENTIFIER
- control field: JO-AjAnu
005 - DATE AND TIME OF LATEST TRANSACTION
- control field: 20230606074053.0
008 - FIXED-LENGTH DATA ELEMENTS
- fixed length control field: 230606|| aca||aabn | a|a d
040 ## - CATALOGING SOURCE
- Original cataloging agency: JO-AjAnu
- Transcribing agency: JO-AjAnu
150 ## - HEADING--TOPICAL TERM
- Topical term or geographic name entry element: الشعر - تاريخ ونقد - الشعر الفرنسي - الشعر العربي
670 ## - SOURCE DATA FOUND
- Source citation: Work cat.: (JO-AjAnu)12178: تأليف غربي،فاطمة الزهراء, author 23690, الإنسان والطبيعة في شعرية إبن خفاجة والرومانسيين الفرنسيين - دراسة مقارنه -